| 000 | 01291nab a22002177a 4500 | ||
|---|---|---|---|
| 999 |
_c5278 _d5278 |
||
| 003 | OSt | ||
| 005 | 20250213100254.0 | ||
| 008 | 190429b xxu||||| |||| 00| 0 spa d | ||
| 040 | _cPJ | ||
| 100 |
_aDíaz Lacoste, Alejandro _95278 |
||
| 245 | 1 | 0 |
_aCatástrofes y sistemas jurídicos de protección : _bnotas sobre el derecho penal y constitucional en la emergentología legal / _cAlejandro Díaz Lacoste. |
| 260 |
_cCiudad Autónoma de Buenos Aires : _aThomson Reuters La Ley, _b2025. |
||
| 300 | _ap. 225-245 | ||
| 500 | _aCita: AR/DOC/64/2025. | ||
| 505 | _aSumario: I. Capítulo uno. Introducción.— II. Capítulo segundo. El riesgo y la sociedad del riesgo.— III. Capítulo tercero. La bioética y la emergentología.— IV. Capítulo cuarto. Emergentología y evitación de catástrofes.— V. Capítulo quinto. Emergentología y previsión de catástrofes.— VI. Capítulo sexto. Algunas conclusiones.— VII. Bibliografía. | ||
| 505 | _tSi te interesa el texto completo, solicitalo a koha@justierradelfuego.gov.ar | ||
| 650 | 0 |
_9343 _aDERECHO PENAL |
|
| 650 | 0 |
_92486 _aCRIMINOLOGÍA |
|
| 773 | 0 |
_02658 _93164 _tRevista de derecho penal y criminología. Nº 1 - Febrero 2025 _dCiudad Autónoma de Buenos Aires : Thomson Reuters La Ley, 2017- _x00347914 |
|
| 942 |
_2udc _cANA |
||